000 00920nam a2200217 a 4500
001 000005871
005 20240229073943.0
008 090824s1989 dr a 001 0 spa d
040 _aDO-SdBNP
_bspa
_cBNPHU
082 _a347.01609
_bP762e
100 _aPolanco Brito, Hugo E.
_97924
245 1 4 _aLos escribanos en el Santo Domingo colonial /
_cMons. Hugo Eduardo Polanco Brito ; prólogo Rhadys Iris Abreu de Polanco ; cuidado de edición José Chez Checo.
260 _aSanto Domingo :
_bAcademia Dominicana de Historia,
_c1989.
300 _a277 p. :
_bil. ;
_c23 cm.
500 _aIncluy índice.
504 _aIncluye bibliografías (p .249-252).
650 4 _aNotarios
_zRepública Dominicana
_zSanto Domingo
_xHistoria
_916552
650 4 _aDerecho notarial
_zRepública Dominicana
_zSanto Domingo
_916553
700 1 _aAbreu de Polanco, Rhadys Iris,
_epról.
_916554
700 1 _aChez Checo, José,
_d1949-
_eed.
_910145
999 _c5667
_d5667